[Event "Paris GCT Rapid"]
[Site "Paris"]
[Date "2017.06.23"]
[Round "7"]
[White "Carlsen, Magnus"]
[Black "Karjakin, Sergey"]
[Result "1/2-1/2"]
[WhiteElo "2832"]
[BlackElo "2781"]
[PlyCount "132"]
[EventDate "2017.06.21"]
[EventType "tourn (rapid)"]
[EventRounds "9"]
[EventCountry "FRA"]
[EventCategory "22"]
[SourceTitle "CBM 179"]
[Source "ChessBase"]
[SourceDate "2017.07.12"]
[SourceVersion "1"]
[SourceVersionDate "2017.07.12"]
[SourceQuality "1"]
[TimeControl "1500"]

1. e4 {[%emt 0:00:00]} e5 {[%emt 0:00:00]} 2. Nf3 {[%emt 0:00:00]} Nc6 {
[%emt 0:00:00]} 3. Bc4 {[%emt 0:00:00]} Bc5 {[%emt 0:00:00]} 4. O-O {[%emt 0:
00:00]} Nf6 {[%emt 0:00:00]} 5. d3 {[%emt 0:00:00]} O-O {[%emt 0:00:00]} 6. h3
{[%emt 0:00:00]} d5 {[%emt 0:00:00]} 7. exd5 {[%emt 0:00:00]} Nxd5 {[%emt 0:00:
00]} 8. a4 {[%emt 0:00:00]} f6 {[%emt 0:00:00]} 9. Nbd2 {[%emt 0:00:00]} Be6 {
[%emt 0:00:25]} 10. Nb3 {[%emt 0:00:22]} Be7 {[%emt 0:00:12]} 11. Re1 {[%emt 0:
00:07]} Kh8 {[%emt 0:00:58]} 12. Bd2 {[%emt 0:00:17]} Bg8 {[%emt 0:00:22]} 13.
d4 {[%emt 0:00:52]} exd4 {[%emt 0:01:19]} 14. Nbxd4 {[%emt 0:00:47]} Nxd4 {
[%emt 0:01:04]} 15. Nxd4 {[%emt 0:00:00]} Qd7 {[%emt 0:00:34]} 16. Qf3 {
[%emt 0:03:52]} Rfe8 {[%emt 0:01:11]} 17. Re4 {[%emt 0:02:28]} Bf8 {[%emt 0:03:
56]} 18. Rh4 {[%emt 0:01:09]} Re5 {[%emt 0:00:23]} 19. Bd3 {[%emt 0:00:19]} Rd8
{[%emt 0:04:02]} 20. Bf5 {[%emt 0:03:01]} Qe8 {[%emt 0:00:02]} 21. Qd3 {
[%emt 0:01:02]} Ne7 {[%emt 0:03:22]} 22. Bxh7 {[%emt 0:00:04]} Rh5 {[%emt 0:00:
35]} 23. Rxh5 {[%emt 0:00:42]} Qxh5 {[%emt 0:00:00]} 24. Bxg8 {[%emt 0:00:00]}
Kxg8 {[%emt 0:00:28]} 25. Be3 {[%emt 0:00:49]} c5 {[%emt 0:00:26]} 26. Qb3+ {
[%emt 0:02:53]} Qd5 {[%emt 0:00:00]} 27. c4 {[%emt 0:01:32]} Qe4 {[%emt 0:00:
00]} 28. Ne2 {[%emt 0:00:00]} Rd3 {[%emt 0:00:05]} 29. Nc3 {[%emt 0:00:00]} Nf5
{[%emt 0:01:23]} 30. Nxe4 {[%emt 0:00:38]} Rxb3 {[%emt 0:00:00]} 31. Bxc5 {
[%emt 0:00:00]} Bxc5 {[%emt 0:00:00]} 32. Nxc5 {[%emt 0:00:00]} Rxb2 {[%emt 0:
00:00]} 33. Rd1 {[%emt 0:00:03]} Rb4 {[%emt 0:02:50]} 34. Rd5 {[%emt 0:00:00]}
b6 {[%emt 0:01:01]} 35. Nd3 {[%emt 0:02:17]} Rb1+ {[%emt 0:00:00]} 36. Kh2 {
[%emt 0:00:00]} Rd1 {[%emt 0:00:00]} 37. c5 {[%emt 0:00:00]} Ne7 {[%emt 0:00:
10]} 38. Rd8+ {[%emt 0:00:00]} Kh7 {[%emt 0:00:00]} 39. cxb6 {[%emt 0:00:00]}
axb6 {[%emt 0:00:00]} 40. Rd7 {[%emt 0:00:00]} Nc8 {[%emt 0:00:00]} 41. g4 {
[%emt 0:00:06]} Ra1 {[%emt 0:00:00]} 42. Nf4 {[%emt 0:00:00]} Rxa4 {[%emt 0:00:
00]} 43. Nh5 {[%emt 0:00:00]} Ra7 {[%emt 0:00:00]} 44. Nxf6+ {[%emt 0:00:00]}
Kg6 {[%emt 0:00:00]} 45. Rxa7 {[%emt 0:00:11]} Nxa7 {[%emt 0:00:00]} 46. Nd5 {
[%emt 0:00:00]} b5 {[%emt 0:00:00]} 47. Nb4 {[%emt 0:00:00]} Kf6 {[%emt 0:00:
00]} 48. f4 {[%emt 0:00:00]} Ke6 {[%emt 0:00:00]} 49. h4 {[%emt 0:00:00]} Kd6 {
[%emt 0:00:00]} 50. h5 {[%emt 0:00:00]} Nc6 {[%emt 0:00:00]} 51. Nxc6 {[%emt 0:
00:26]} Kxc6 {[%emt 0:00:00]} 52. g5 {[%emt 0:00:00]} b4 {[%emt 0:00:00]} 53.
h6 {[%emt 0:00:00]} gxh6 {[%emt 0:00:00]} 54. gxh6 {[%emt 0:00:00]} b3 {
[%emt 0:00:00]} 55. h7 {[%emt 0:00:00]} b2 {[%emt 0:00:00]} 56. h8=Q {[%emt 0:
00:00]} b1=Q {[%emt 0:00:00]} 57. Qe5 {[%emt 0:00:00]} Qd3 {[%emt 0:00:00]} 58.
Qe6+ {[%emt 0:00:24]} Qd6 {[%emt 0:00:00]} 59. Qc8+ {[%emt 0:00:00]} Kd5 {
[%emt 0:00:00]} 60. Kg3 {[%emt 0:00:00]} Qg6+ {[%emt 0:00:00]} 61. Qg4 {
[%emt 0:00:00]} Qf6 {[%emt 0:00:00]} 62. Qh5+ {[%emt 0:00:16]} Kd6 {[%emt 0:00:
00]} 63. Kg4 {[%emt 0:00:00]} Ke7 {[%emt 0:00:00]} 64. Qh7+ {[%emt 0:00:00]}
Kf8 {[%emt 0:00:00]} 65. Qe4 {[%emt 0:00:03]} Kg7 {[%emt 0:00:00]} 66. Qe8 {
[%emt 0:00:00]} Qg6+ {[%emt 0:00:00]} 1/2-1/2

[Event "Paris GCT Rapid"]
[Site "Paris"]
[Date "2017.06.23"]
[Round "8"]
[White "Caruana, Fabiano"]
[Black "Carlsen, Magnus"]
[Result "1/2-1/2"]
[WhiteElo "2808"]
[BlackElo "2832"]
[PlyCount "158"]
[EventDate "2017.06.21"]
[EventType "tourn (rapid)"]
[EventRounds "9"]
[EventCountry "FRA"]
[EventCategory "22"]
[SourceTitle "CBM 179"]
[Source "ChessBase"]
[SourceDate "2017.07.12"]
[SourceVersion "1"]
[SourceVersionDate "2017.07.12"]
[SourceQuality "1"]
[TimeControl "1500"]

1. e4 {[%emt 0:00:00]} e5 {[%emt 0:00:00]} 2. Nf3 {[%emt 0:00:00]} Nc6 {
[%emt 0:00:00]} 3. Bb5 {[%emt 0:00:00]} a6 {[%emt 0:00:00]} 4. Ba4 {[%emt 0:00:
00]} Nf6 {[%emt 0:00:00]} 5. O-O {[%emt 0:00:00]} Be7 {[%emt 0:00:00]} 6. d3 {
[%emt 0:00:00]} b5 {[%emt 0:00:00]} 7. Bb3 {[%emt 0:00:00]} d6 {[%emt 0:00:00]}
8. a4 {[%emt 0:00:00]} Bd7 {[%emt 0:00:34]} 9. c3 {[%emt 0:00:00]} O-O {
[%emt 0:00:05]} 10. Bc2 {[%emt 0:00:00]} b4 {[%emt 0:00:02]} 11. Re1 {[%emt 0:
00:00]} Re8 {[%emt 0:00:27]} 12. a5 {[%emt 0:01:05]} Rb8 {[%emt 0:00:15]} 13.
Nbd2 {[%emt 0:00:02]} Bf8 {[%emt 0:00:48]} 14. Bb3 {[%emt 0:00:37]} bxc3 {
[%emt 0:00:35]} 15. bxc3 {[%emt 0:00:00]} h6 {[%emt 0:00:16]} 16. h3 {[%emt 0:
00:09]} Be6 {[%emt 0:00:15]} 17. Ba4 {[%emt 0:00:00]} Bd7 {[%emt 0:00:00]} 18.
Nc4 {[%emt 0:00:34]} Ne7 {[%emt 0:00:20]} 19. Bc2 {[%emt 0:00:07]} Ng6 {
[%emt 0:00:00]} 20. d4 {[%emt 0:00:21]} exd4 {[%emt 0:01:03]} 21. cxd4 {
[%emt 0:00:00]} d5 {[%emt 0:01:31]} 22. exd5 {[%emt 0:00:00]} Rxe1+ {[%emt 0:
00:00]} 23. Qxe1 {[%emt 0:00:00]} Nxd5 {[%emt 0:00:00]} 24. Bxg6 {[%emt 0:01:
20]} fxg6 {[%emt 0:00:00]} 25. Nce5 {[%emt 0:00:00]} Be8 {[%emt 0:01:38]} 26.
Ba3 {[%emt 0:00:50]} Bd6 {[%emt 0:01:05]} 27. Bc5 {[%emt 0:01:02]} g5 {[%emt 0:
02:33]} 28. Rc1 {[%emt 0:01:57]} Nf4 {[%emt 0:02:01]} 29. Qe4 {[%emt 0:01:57]}
Bxe5 {[%emt 0:00:47]} 30. Nxe5 {[%emt 0:01:37]} Qd5 {[%emt 0:00:16]} 31. Qxd5+
{[%emt 0:01:59]} Nxd5 {[%emt 0:00:00]} 32. Re1 {[%emt 0:00:05]} Rb5 {[%emt 0:
00:26]} 33. Kh2 {[%emt 0:00:18]} Bf7 {[%emt 0:00:53]} 34. Nxf7 {[%emt 0:01:35]}
Kxf7 {[%emt 0:00:00]} 35. Re5 {[%emt 0:00:00]} c6 {[%emt 0:00:00]} 36. Rf5+ {
[%emt 0:00:00]} Ke6 {[%emt 0:00:00]} 37. Re5+ {[%emt 0:00:00]} Kf7 {[%emt 0:00:
41]} 38. Rf5+ {[%emt 0:00:00]} Kg6 {[%emt 0:00:00]} 39. Re5 {[%emt 0:00:00]}
Rxa5 {[%emt 0:00:00]} 40. Re6+ {[%emt 0:00:00]} Kf5 {[%emt 0:00:00]} 41. Rxc6 {
[%emt 0:00:12]} Ra2 {[%emt 0:00:00]} 42. Rd6 {[%emt 0:00:35]} Nf6 {[%emt 0:00:
43]} 43. d5 {[%emt 0:01:04]} Ke4 {[%emt 0:03:17]} 44. Rd8 {[%emt 0:02:51]} Nxd5
{[%emt 0:00:00]} 45. Re8+ {[%emt 0:00:07]} Kf5 {[%emt 0:00:08]} 46. Bd4 {
[%emt 0:00:52]} Nf6 {[%emt 0:00:00]} 47. Re7 {[%emt 0:00:00]} Rd2 {[%emt 0:00:
00]} 48. Be3 {[%emt 0:00:35]} Rd7 {[%emt 0:00:35]} 49. g4+ {[%emt 0:00:00]} Kg6
{[%emt 0:00:00]} 50. Re6 {[%emt 0:00:00]} a5 {[%emt 0:00:00]} 51. Ra6 {[%emt 0:
00:00]} Rd5 {[%emt 0:00:00]} 52. Kg3 {[%emt 0:00:00]} Kh7 {[%emt 0:00:09]} 53.
Kf3 {[%emt 0:00:05]} Rb5 {[%emt 0:00:00]} 54. Bd4 {[%emt 0:00:00]} Rb3+ {
[%emt 0:00:00]} 55. Kg2 {[%emt 0:00:22]} Nd5 {[%emt 0:00:00]} 56. Be5 {[%emt 0:
00:00]} Rb5 {[%emt 0:00:13]} 57. Ra7 {[%emt 0:00:40]} Ne3+ {[%emt 0:00:00]} 58.
fxe3 {[%emt 0:00:00]} Rxe5 {[%emt 0:00:00]} 59. Kf3 {[%emt 0:00:00]} Kg6 {
[%emt 0:00:25]} 60. Ra6+ {[%emt 0:00:00]} Kf7 {[%emt 0:00:00]} 61. Ra7+ {
[%emt 0:00:00]} Kf6 {[%emt 0:00:00]} 62. Ra6+ {[%emt 0:00:00]} Ke7 {[%emt 0:00:
00]} 63. Ra7+ {[%emt 0:00:00]} Kd6 {[%emt 0:00:00]} 64. Rxg7 {[%emt 0:00:37]}
Kc5 {[%emt 0:00:00]} 65. Rg6 {[%emt 0:00:00]} a4 {[%emt 0:00:00]} 66. Rxh6 {
[%emt 0:00:00]} a3 {[%emt 0:00:00]} 67. h4 {[%emt 0:00:00]} gxh4 {[%emt 0:00:
56]} 68. Rxh4 {[%emt 0:00:00]} a2 {[%emt 0:00:00]} 69. Rh1 {[%emt 0:00:00]} Kc4
{[%emt 0:00:26]} 70. Kf4 {[%emt 0:00:01]} Ra5 {[%emt 0:00:00]} 71. Ra1 {
[%emt 0:00:00]} Kb3 {[%emt 0:00:00]} 72. g5 {[%emt 0:00:00]} Kb2 {[%emt 0:00:
00]} 73. Rxa2+ {[%emt 0:00:20]} Rxa2 {[%emt 0:00:00]} 74. g6 {[%emt 0:00:00]}
Kc3 {[%emt 0:00:00]} 75. Kf5 {[%emt 0:00:00]} Rf2+ {[%emt 0:00:00]} 76. Ke6 {
[%emt 0:00:00]} Rg2 {[%emt 0:00:00]} 77. Kf7 {[%emt 0:00:00]} Kd3 {[%emt 0:00:
00]} 78. g7 {[%emt 0:00:00]} Rxg7+ {[%emt 0:00:00]} 79. Kxg7 {[%emt 0:00:00]}
Kxe3 1/2-1/2

[Event "Paris GCT Rapid"]
[Site "Paris"]
[Date "2017.06.23"]
[Round "9"]
[White "Carlsen, Magnus"]
[Black "Bacrot, Etienne"]
[Result "1-0"]
[WhiteElo "2832"]
[BlackElo "2708"]
[Annotator "Yermolinsky,A"]
[PlyCount "73"]
[EventDate "2017.06.21"]
[EventType "tourn (rapid)"]
[EventRounds "9"]
[EventCountry "FRA"]
[EventCategory "22"]
[SourceTitle "CBM 179"]
[Source "ChessBase"]
[SourceDate "2017.07.12"]
[SourceVersion "1"]
[SourceVersionDate "2017.07.12"]
[SourceQuality "1"]

1. e4 e5 2. Nf3 Nc6 3. Bc4 Bc5 4. O-O Nf6 5. d3 d6 6. c3 a6 7. a4 O-O 8. Re1 h6
9. h3 Be6 {Just like in the Vachier-Lagrave vs Nakamura game shown above, I'm
not too big on this move.} 10. Bxe6 fxe6 11. b4 Ba7 12. Nbd2 Ne7 13. Nf1 Ng6
14. Ra2 Nh5 15. Be3 Bxe3 16. Rxe3 Nhf4 17. d4 Qf6 18. Kh2 exd4 19. cxd4 $14 e5
20. d5 {Bacrot knew if his knight were evicted from f4 the weakness on c7
would seal his fate.} c6 $1 {Despite shortage of points in his scoreline I
admire the fighting spirit showed by Etienne in this event. It is not easy to
to compete against World's best.} 21. g3 cxd5 22. gxf4 d4 23. Rea3 Nxf4 24. Ne1
d5 $2 {This one, however, is an error in judgement. Black's compensation is of
a long-term variety, largely based on a superior pawn structure, so there was
no need to be desperate and destroy his own position.} (24... Rac8 25. Ng3 g6
26. Ne2 Kh7 27. Rf3 g5 {would have been good enough to keep things interesting.
}) 25. Ng3 $1 {[%csl Ge4]} Rac8 26. Ng2 Kh8 27. Qg4 d3 $2 {Same here.} (27...
g6 28. exd5 Nxd5 29. Ne4 Qf5 30. Qh4 {is already looking bad for Black, but
the game would continue.}) 28. Nxf4 exf4 29. Nh5 Qg5 30. Rxd3 dxe4 (30... Qxg4
$142 31. hxg4 g6 32. Rxd5 gxh5 33. Rxh5 Kg7 34. b5 Rc4 35. f3 Rb4 {There's
always a ray of hope in rook endgames.}) 31. Rd6 Qxg4 32. hxg4 Rf7 33. Re6 Rcf8
$2 ({After} 33... Rc4 34. Rb2 e3 35. fxe3 fxe3 36. Kg3 Kg8 {White is still
experiencing some technical difficulties, as} 37. Rxe3 g6 {traps the knight.
Of course, one would expect Magnus to get the job done somehow, some way.}) 34.
Rd2 Kh7 35. Rdd6 e3 36. fxe3 f3 37. Nf4 1-0

[Event "Paris GCT playoff"]
[Site "Paris"]
[Date "2017.06.25"]
[Round "1"]
[White "Carlsen, Magnus"]
[Black "Vachier Lagrave, Maxime"]
[Result "1-0"]
[WhiteElo "2832"]
[BlackElo "2796"]
[Annotator "Nielsen,Peter Heine"]
[PlyCount "123"]
[EventDate "2017.06.25"]
[EventType "match (rapid)"]
[EventRounds "2"]
[EventCountry "FRA"]
[SourceTitle "CBM 180"]
[Source "ChessBase"]
[SourceDate "2017.09.13"]
[SourceVersion "1"]
[SourceVersionDate "2017.09.13"]
[SourceQuality "1"]

{Day 5 of the Grand Chess tour was supposed to be a duel between leaders
Magnus Carlsen and Hikaru Nakamura, but while 9 rounds seems too little to
catch a 3 point lead, for MVL actually it was 1 too many, as it allowed Magnus
with a last rounds win vs. So to catch up, and force a tiebreak.} 1. d4 Nf6 2.
Bf4 $5 {The time when we stopped rolling our eyes seeing this move is long
gone, and nowadays its not even played to avoid theory, but rather it has
become a topical discussion on its own.} g6 3. e3 Bg7 4. Nf3 d6 5. Be2 Nh5 $5 {
In Stavanger Maxime had played 4...0-0, but here his 4th move gave Black this
extra option, which, had Magnus feared it, 5.h3 would have prevented.} 6. Bg5
h6 7. Bh4 g5 8. Nfd2 Nf4 {A very human move, intending to weaken the white
pawn structure, but it's noteworthy that the computer prefers just ...gxh4.} 9.
exf4 gxh4 10. c3 c5 11. dxc5 dxc5 12. Na3 O-O 13. O-O (13. Qc2 {intending 14.
0-0-0 also was relevant, but Magnus aims at exploiting Black's weakened
structure in a more positional manner.}) 13... Nc6 14. Re1 h3 15. g3 e5 16.
fxe5 Nxe5 17. Nf3 Nxf3+ 18. Bxf3 Qf6 19. Nc4 Rd8 20. Qe2 Be6 21. Bg4 $6 {
Looks textbook, but surprisingly allows sufficient counterplay.} (21. Ne3 {
controlling the white squares, leaves a pleasant edge after} Rd7 22. a4 Rad8
23. Rad1 {when White keeps considerable pressure.}) 21... Bxg4 {Good,} ({
but even better was the direct} 21... b5 {as} 22. Bxe6 ({White would play} 22.
Ne3 {, but then Black has an improved version of the game.}) 22... Qxe6 23.
Qxe6 $6 fxe6 {leaves Black way too active with ...b4 and ...Rd2 to follow.})
22. Qxg4 b5 23. Ne3 Rd2 24. Re2 Rad8 25. Rae1 Rxe2 26. Rxe2 Qe6 $1 {Just in
time, saving the pawn on h3 and forcing a holdable ending.} 27. Qxe6 fxe6 28.
Kf1 b4 29. cxb4 cxb4 30. Rc2 b3 $1 31. axb3 Rb8 32. Rc6 Rxb3 33. Rxe6 Rxb2 34.
Nf5 Bf8 35. Nxh6+ Kg7 36. Ng4 a5 37. Ra6 Ra2 {The day certainly hasn't gone
well for Carlsen, a 3 point lead, as well as the opening advantage in this
game are gone, in other words: It's time to save the day!} 38. f4 $1 {
Obviously risky, Black's plan of pushing the pawn to a3, then going ...Rb2 and
...a2 threatening ...Rb1+ followed by a1=Q is close to unstoppable, but Magnus
judged that his own trumps would arrive just in time.} a4 39. f5 Bb4 $1 {
Black has to vacate the f8-square for his king, as} (39... a3 $2 40. Ra7+ $1
Kh8 41. Nf6 {wins, even if the line is complex, but} Bg7 42. Ra8+ Bf8 43. Rxf8+
Kg7 44. Nd7 Ra1+ 45. Ke2 a2 46. f6+ $1 {which wins as after} Kg6 47. Ne5+ $1 {
it becomes trivial as 48.Ra8 will happen next, and the black motif of 48...Rh1
49.Rxa2 Rxh2+ now is insufficient as the f-pawn will queen or if ...Kxf6, the
knight joins the defence with Ng4+.}) 40. Ra7+ Kf8 41. f6 Ra1+ $6 {Not a
mistake in the sense of changing the objective evaluation of the position, but
after} (41... a3 $1 {it is White who has to be careful} {and e.g. avoid} 42.
Ne5 $4 {losing to} (42. Ra6 {still holds, but it's not obvious, it's White who
then plays for the win.}) 42... Ra1+ $1 {when White would lose a piece.}) 42.
Ke2 a3 43. Nh6 Re1+ $6 {Dealing with the threat of Ra8 mate, but} (43... Ke8 {
would have been an easier road to the draw as White's best would be} 44. f7+ {
, but as the game shows, White prefers his pawn on f6 to create threats.}) 44.
Kd3 Re6 $2 {An important square for the black rook, but paradoxically
occupying it immediately, means losing control over it!} (44... Bd6 $1 {
would prevent what happens next:}) 45. Ra8+ Re8 46. Ra6 $1 Rc8 $2 ({The
absolutely last chance was} 46... Re5 {intending 47...Ra5, even if White keeps
serious winning chances after} 47. Ra4) 47. g4 $1 Rd8+ 48. Ke4 Ke8 49. g5 Bf8
50. Kf5 Rd2 51. Ra8+ Rd8 52. Rxd8+ Kxd8 53. g6 $1 a2 54. g7 Bxg7 55. fxg7 a1=Q
56. g8=Q+ Kc7 57. Qg3+ Kd7 58. Qxh3 Qg7 59. Kf4+ Kc7 60. Nf5 Qb2 61. Qh7+ Kc8
62. Qg8+ {And with 63.Qg7+ exchanging off the queens happening next, Maxime
resigned. Not in any way a fantastic game, especially for Carlsen's standards,
but some days things just do not work, and then getting the job done anyway is
very much part of a successful sporting career. A draw was still to be made to
clinch the Paris title, and with solid defensive moves the World Champion
forced his opponent to take risks, and agreed to a repetition of moves in a
superior position putting an end to a rollercoaster of a day.} 1-0

[Event "Leuven GCT blitz"]
[Site "Leuven"]
[Date "2017.07.02"]
[Round "12"]
[White "Carlsen, Magnus"]
[Black "Vachier Lagrave, Maxime"]
[Result "1-0"]
[WhiteElo "2832"]
[BlackElo "2796"]
[Annotator "Nielsen,Peter Heine"]
[PlyCount "95"]
[EventDate "2017.07.01"]
[EventType "tourn (blitz)"]
[EventRounds "18"]
[EventCountry "BEL"]
[EventCategory "21"]
[SourceTitle "CBM 180"]
[Source "ChessBase"]
[SourceDate "2017.09.13"]
[SourceVersion "1"]
[SourceVersionDate "2017.09.13"]
[SourceQuality "1"]

{A look at the tournament standings, as well as keeping day 5 in Paris in mind,
this might have been the perfect moment for solidity and protecting one's lead.
But the World Champion said that in Leuven he wanted to loosen up a bit, so
here we go!} 1. c4 e5 2. e3 Nf6 3. Nc3 Nc6 {In the rapids Anand had played 3...
Bb4 here. Magnus was about to play an excellent game, but lost the thread
after Black defended well, and had to count himself lucky that he saved that
game.} 4. g4 $5 {If you ever should want to play the Grob, this is probably as
good as it gets. Not exactly a recommendation.} Bb4 {Aronian has played 4...h6
5.Bg2 d6 against Rapport, and Short-Docx went 4...d5 5.g5 d4 6.gxf6 dxc3 both
leading to atypical and balanced positions.} 5. g5 Bxc3 6. bxc3 Ng8 {MVL's
concept has a definite logic, the g5-pawn is weak and e.g. 7.h4 h6 is
excellent for Black. White's pieces are in their starting positions, but
Carlsen now unleashes them with amazing energy over the following moves.} 7. d4
$1 Qxg5 8. d5 Nd8 9. d6 c6 10. Nf3 Qf5 11. Rg1 Ne6 {This is the kind of
position where one of the sides will end up busted. Give Black the time to
consolidate, say ...Nf6 ...b6 ...Bb7 and White is doomed. Alas:} 12. e4 $1 {
Speed matters more than material, and being already a pawn down Magnus
accelerates his development by shedding another.} Qxe4+ 13. Be3 {Now 14.Bd3
trapping the black queen is threatened, and if 13...Nf4 then 14.Rg5 f6 15.Nd2
Nd3+ 16.Bxd3 Qxd3 17.Rxg7 gives White a winning attack, so Maxime has to
retreat:} Qf5 (13... Nf4 14. Rg5 f6 15. Nd2 Nd3+ 16. Bxd3 Qxd3 17. Rxg7 $18)
14. Ng5 Nf4 {A logical move stopping 15.Bd3 as well as the threat of Nxe6
followed by Rxg7.} 15. Bxf4 $1 {Again, its not a matter of "small" factors
like number of pawns or the pair of bishops. Black is not allowed to
consolidate whatever that costs in traditional values.} Qxf4 16. Rg4 Qf6 17.
Ne4 Qh6 18. Qf3 {The game has his first "slow" moment in a while, with White
not having a direct threat. Quite logically Black uses it to catch up in
development and trying to swap off the dominating knight on e4, but oddly the
better move would be 18...g6!? intending to put the queen on g7.} Nf6 ({
My computer comes up with the following line:} 18... g6 19. Rg5 Qg7 20. Qg3 Kf8
21. Rxe5 f6 22. Ra5 b6 23. Ra3 {which is a strange mix of logic and absurdity.}
) 19. Rxg7 {Tempting, and very much in the style of this game.} ({Even so} 19.
Nxf6+ {was objectively better as after} Qxf6 20. Qxf6 gxf6 21. c5 $1 {White
has excellent compensation for the 2 sacrificed pawns,} b6 22. Bc4 Bb7 23. Rb1
$1 {being an instructive sample line, if} b5 24. Bb3 {Black's bishop ends up
locked in, and White will eventually collect a number of black pawns.}) 19...
Qxg7 $2 (19... Kf8 $1 {was better,} {Less fancy, but better would be} 20. Rg3 (
{as} 20. Nxf6 Kxg7 21. Nh5+ Kf8 22. c5 (22. Nf6 Qf4) 22... e4 $1 {defends well,
e.g.} 23. Qf5 Rg8 {when it's difficult to sufficiently strengthen the white
attack.}) 20... Nxe4 21. Qxe4 Qxd6 22. Qh4 {keeping sufficient counterplay to
balance the position.}) 20. Nxf6+ Kd8 21. Qf5 {Now however Black's position is
hopeless.} Re8 $5 ({If} 21... Qf8 {then} 22. Rd1 $1 {is completely paralysing,
making Black practically unable to move any piece.} (22. Qxe5 $6 Qe8 $1 {fights
})) 22. Nxe8 Kxe8 23. c5 {Logical, hemming in Black's position,} ({but the
more direct} 23. f4 exf4 24. Kd2 {followed by Re1+! would have been just as
strong.}) 23... b5 24. Bd3 f6 25. Ke2 Kf7 26. Rh1 $3 {White has numerous ways
to win, the game-move however has beauty to it, almost in mathematical fashion
solving the puzzle of how to get a white rook in the g-file as fast as
possible.} Rb8 27. Kf1 $1 Qg6 28. Qf3 Qh6 29. Rg1 Ba6 30. Qg4 $1 {Not allowing
...Rg8, as well as nailing Black down to the defence of the d7-pawn.} Rd8 31.
Rg3 e4 32. Qxe4 Re8 33. Qg4 Bc8 34. Kg2 (34. Bc2 $1 {would have ended things
here and now, but the result is never in doubt anyway.}) 34... Qg5 35. Qf3 Qd5
36. Qxd5+ cxd5 37. Bxh7 Re5 38. f4 Re2+ 39. Kf1 Rxh2 40. Bg8+ Kf8 41. Bxd5 Rh8
42. Kf2 Ba6 43. Ke3 Ke8 44. Kd4 Kd8 45. Rg7 Bc8 46. c6 dxc6 47. Bxc6 a5 48. Kc5
{An extraordinary game, in which the sequence from move 7 to 27 is
impressively energetic and creative in itself, but being from a blitz game
obviously makes it something quite special.} 1-0